[Event "ISR-chT 2019"]
[Site "Israel"]
[Date "2019.02.15"]
[Round "5.14"]
[White "Zanan, Evgeny"]
[Black "Boruchovsky, Avital"]
[Result "0-1"]
[WhiteElo "2528"]
[BlackElo "2525"]
[Annotator "TA"]
[PlyCount "126"]
[EventDate "2019.01.04"]
[EventType "team-tourn"]
[EventCountry "ISR"]
[SourceTitle "playchess.com"]
[Source "ChessBase"]
[SourceQuality "1"]

{[%evp 9,126,10,35,21,26,8,41,37,47,27,27,27,25,21,18,27,60,59,75,26,41,21,30,0,70,80,105,79,71,76,80,80,80,79,77,67,67,67,67,68,71,60,57,63,59,0,67,0,74,71,119,79,120,86,252,141,205,143,264,127,130,127,128,127,148,151,168,165,172,164,165,168,196,134,134,134,134,141,154,127,155,149,273,273,283,276,333,333,333,317,323,254,247,244,245,242,239,237,183,112,98,97,146,114,110,112,139,132,1445,503,408,408,29976,-1084,-1014,-29995,-29996,-29997,-29998]} 1. e4 c6 2. d4 d5 3. e5 c5 4. dxc5 e6 5. Be3 Nh6 6. c3 {B12: Caro-Kann: Advance Variation} (6. Nf3 Nf5 7. Bg5 Qc7 8. Bd3 h6 9. Bc1 Bxc5 10. Nc3 O-O 11. Bxf5 exf5 12. Nxd5 Qd8 13. b4 Be6 {½-½ (51) Vallejo Pons,F (2697)-Khenkin,I (2669) Don Benito 2012}) 6... Nd7 7. Bb5 Qc7 (7... Nf5 $5 {[%cal Rf5e3]}) 8. Nf3 {White is slightly better.} Bxc5 9. Bxc5 Qxc5 10. Qe2 O-O 11. O-O $146 ({Predecessor:} 11. Nbd2 Ng4 12. Bxd7 Bxd7 13. Nd4 Nh6 {0-1 (40) Patil,P (2237)-Ravichandran,S (2372) Bhopal 2013}) 11... f6 12. exf6 Rxf6 13. Nbd2 {[%cal Bb1d2,Bd2b3,Bb3d4][%mdl 32]} Qb6 14. Nb3 Nf7 15. Rad1 Nf8 16. Nbd4 Ng6 (16... Bd7 $11) 17. Be8 $14 Qd6 18. Bxf7+ Rxf7 19. Rde1 Bd7 20. Ne5 (20. Nxe6 $2 Re7 $19) 20... Nxe5 21. Qxe5 Qa6 22. Ra1 Qb6 23. Rab1 Raf8 24. f3 Rc8 25. Kh1 Rf6 26. Rfe1 h6 27. Qe2 ({White should try} 27. a3 $14) 27... Kh8 (27... Re8 $1 $11) 28. Qe5 (28. h3 $14) 28... a5 (28... Kg8 $1 $11 {remains equal.}) 29. Re3 a4 30. h4 Rg6 31. g4 Re8 $2 (31... Qd8 $16 {might work better.}) 32. Kg2 (32. g5 $1 $18) 32... Kh7 (32... Qd8 $16) 33. a3 Rf8 (33... Rf6 $16 {keeps fighting.} 34. g5 Rf5 35. g6+ (35. Nxf5 exf5 36. Qxe8 Bxe8 $15) 35... Kxg6 36. Nxf5 exf5 37. Qg3+ Kh7 38. Rxe8 Bxe8) 34. Kh3 (34. g5 $18 {is the precise move to win.}) 34... Rgf6 $16 35. Kg3 Kg8 36. Re2 Bb5 37. Rf2 Bd3 38. Re1 {[%cal Bb1e1,Be1e3,Be3e5][%mdl 32]} Re8 39. Re3 Bg6 40. Rfe2 Qd8 41. h5 (41. Kh2 $18) 41... Bh7 42. Kg2 Qd7 43. Qg3 Kh8 44. Re5 Bg8 45. R2e3 Bf7 (45... Ra8 $16 {was worth a try.} 46. f4 Raf8) 46. f4 $18 Bg8 47. g5 $1 hxg5 48. fxg5 ({Inferior is} 48. Rxg5 Bh7 $11) 48... Rff8 49. Qh4 Qf7 {Threatens to win with ...Qf1+.} 50. Nf3 Rc8 51. g6 ({But not} 51. Rxe6 $6 Rc4 $16) 51... Qf6 52. Qe1 (52. Qxa4 Rc4 $15) 52... Rc6 53. Nd4 Rb6 54. Rf3 (54. Re2 $1 $18) 54... Rxb2+ $16 55. Kg3 $1 Qe7 56. Rxf8 Qxf8 57. Nxe6 Qd6 {Hoping for ...Bxe6.} ({Not} 57... Qxa3 58. h6 gxh6 59. Rxd5 Rg2+ 60. Kxg2 Bxe6 61. Qe5+ Kg8 62. Qxe6+ Kh8 63. Qf6+ Kg8 64. Qf7+ {[%mdl 64] Double Attack} Kh8 65. Qh7#) 58. Nf4 d4 $2 {[%mdl 8192] [#]} (58... Rb3 $16) 59. cxd4 (59. h6 $142 $1 {[%mdl 512] White wants to mate with Re7.} Qc6 (59... gxh6 60. Re7) 60. hxg7+ Kxg7 61. Re7+ Kh6 62. Qe5 Qxc3+ 63. Kh4 Rh2+ 64. Kg4 Qc8+ 65. Kg3) 59... Rb3+ $18 60. Kg4 $1 {aiming for h6!} Qxd4 {[#]} (60... Qd7+ $18 61. Kg5 Rf3) 61. Rf5 $4 {[%mdl 8192]} (61. Re8 $1 {is the narrow road to win.} Qd7+ 62. Qe6 Qxe6+ 63. Nxe6 Re3 {[#]} 64. Nxg7 $1 {[%mdl 576] Discovered Attack} Kxg7 65. Rxe3 Kh6 66. Re8) 61... Re3 $19 62. Qa5 Qd1+ 63. Kh4 Qh1+ {Accuracy: White = 67%, Black = 36%.} 0-1

[Event "ISR-chT 2019"]
[Site "Israel"]
[Date "2019.02.15"]
[Round "5.15"]
[White "Grinberg, Eyal"]
[Black "Raznikov, Danny"]
[Result "1/2-1/2"]
[WhiteElo "2470"]
[BlackElo "2497"]
[Annotator "ChessBase"]
[PlyCount "46"]
[EventDate "2019.01.04"]
[EventType "team-tourn"]
[EventCountry "ISR"]
[SourceTitle "playchess.com"]
[Source "ChessBase"]
[SourceQuality "1"]
[TimeControl "40/5400+30:1800+30"]

1. e4 {[%emt 0:00:00]} e5 {[%emt 0:00:00]} 2. Nf3 {[%emt 0:00:11]} Nc6 {[%emt 0:00:00]} 3. Bb5 {[%emt 0:00:17]} Nf6 {[%emt 0:00:18]} 4. d3 {[%emt 0:00:40]} Bc5 {[%emt 0:00:34]} 5. c3 {[%emt 0:01:07]} O-O {[%emt 0:00:30]} 6. O-O {[%emt 0:00:08]} d6 {[%emt 0:03:05]} 7. Re1 {[%emt 0:03:20]} Ne7 {[%emt 0:01:03]} 8. Nbd2 {[%emt 0:10:25]} c6 {[%emt 0:01:45]} 9. Ba4 {[%emt 0:00:40]} Ng6 {[%emt 0:00:34]} 10. Nf1 {[%emt 0:06:17]} Re8 {[%emt 0:01:30]} 11. Ng3 {[%emt 0:04:29]} Bb6 {[%emt 0:01:05]} 12. h3 {[%emt 0:03:57]} h6 {[%emt 0:01:17]} 13. d4 {[%emt 0:02:02]} Bc7 {[%emt 0:03:41]} 14. Bc2 {[%emt 0:02:45]} Be6 {[%emt 0:05:04]} 15. Be3 {[%emt 0:02:25]} d5 {[%emt 0:13:37]} 16. Nxe5 {[%emt 0:11:41]} Nxe5 {[%emt 0:04:57]} 17. dxe5 {[%emt 0:00:09]} Nxe4 {[%emt 0:00:14]} 18. Nxe4 {[%emt 0:03:06]} dxe4 {[%emt 0:00:06]} 19. Bd4 {[%emt 0:02:52]} Qg5 {[%emt 0:07:15]} 20. Bxe4 {[%emt 0:06:06]} Bxh3 {[%emt 0:53:25]} 21. f4 {[%emt 0:05:20]} Qg3 {[%emt 0:00:00]} 22. Qf3 {[%emt 0:11:52]} Qxf3 {[%emt 0:00:00]} 23. Bxf3 {[%emt 0:00:05]} Be6 {[%emt 0:00:00]} 1/2-1/2

[Event "ISR-chT 2019"]
[Site "Israel"]
[Date "2019.02.15"]
[Round "5.16"]
[White "Kobo, Ori"]
[Black "Givon, Asaf"]
[Result "1/2-1/2"]
[WhiteElo "2485"]
[BlackElo "2465"]
[Annotator "ChessBase"]
[PlyCount "50"]
[EventDate "2019.01.04"]
[EventType "team-tourn"]
[EventCountry "ISR"]
[SourceTitle "playchess.com"]
[Source "ChessBase"]
[SourceQuality "1"]
[TimeControl "40/5400+30:1800+30"]

1. e4 {[%emt 0:00:00]} c5 {[%emt 0:11:29]} 2. Nf3 {[%emt 0:01:26]} g6 {[%emt 0:00:28]} 3. d4 {[%emt 0:00:53]} cxd4 {[%emt 0:00:07]} 4. Nxd4 {[%emt 0:00:06]} Nc6 {[%emt 0:00:18]} 5. c4 {[%emt 0:01:16]} Nf6 {[%emt 0:00:59]} 6. Nc3 {[%emt 0:00:25]} d6 {[%emt 0:00:07]} 7. Be2 {[%emt 0:01:51]} Nxd4 {[%emt 0:00:18]} 8. Qxd4 {[%emt 0:00:06]} Bg7 {[%emt 0:00:05]} 9. Be3 {[%emt 0:00:20]} O-O {[%emt 0:00:16]} 10. Qd2 {[%emt 0:00:15]} a5 {[%emt 0:00:36]} 11. f3 {[%emt 0:02:20]} a4 {[%emt 0:05:02]} 12. Kf2 {[%emt 0:01:10]} Qa5 {[%emt 0:02:47]} 13. Rac1 {[%emt 0:11:44]} Be6 {[%emt 0:23:32]} 14. Nd5 {[%emt 0:00:21]} Bxd5 {[%emt 0:00:27]} 15. Qxa5 {[%emt 0:00:19]} Rxa5 {[%emt 0:00:01]} 16. cxd5 {[%emt 0:00:13]} Nd7 {[%emt 0:00:01]} 17. Rc7 {[%emt 0:05:25]} Nc5 {[%emt 0:01:17]} 18. Rb1 {[%emt 0:07:45]} Rb8 {[%emt 0:12:38]} 19. Kf1 {[%emt 0:24:05]} Kf8 {[%emt 0:08:54]} 20. Bg5 {[%emt 0:10:06]} Bf6 {[%emt 0:08:39]} 21. Bxf6 {[%emt 0:01:56]} exf6 {[%emt 0:00:01]} 22. b4 {[%emt 0:00:54]} axb3 {[%emt 0:00:02]} 23. axb3 {[%emt 0:00:07]} Ra3 {[%emt 0:02:38]} 24. b4 {[%emt 0:09:14]} Na4 {[%emt 0:01:06]} 25. Rbc1 {[%emt 0:10:24]} Nb6 {[%emt 0:00:28]} 1/2-1/2

[Event "ISR-chT 2019"]
[Site "Israel"]
[Date "2019.02.15"]
[Round "5.17"]
[White "Mindlin, Alon"]
[Black "Bronstein, Or"]
[Result "1/2-1/2"]
[WhiteElo "2462"]
[BlackElo "2370"]
[Annotator "TA"]
[PlyCount "101"]
[EventDate "2019.01.04"]
[EventType "team-tourn"]
[EventCountry "ISR"]
[SourceTitle "playchess.com"]
[Source "ChessBase"]
[SourceQuality "1"]

{[%evp 22,101,-12,-29,0,-26,-34,-34,-31,-50,-27,-34,-36,-44,-42,-34,-35,-45,-44,-56,-29,-39,-33,-49,-33,-31,-29,-41,-1,-22,0,0,-2,-6,0,0,0,-23,12,18,27,18,27,20,45,0,0,0,29,0,18,0,0,0,0,0,0,0,0,0,0,0,0,0,0,0,0,0,0,0,0,0,0,0,0,0,0,0,0,0,0,0]} 1. c4 Nf6 2. Nc3 c5 3. e3 g6 4. d4 Bg7 5. Nf3 cxd4 6. exd4 d5 7. Be2 O-O 8. h3 Nc6 9. O-O dxc4 10. Bxc4 b6 11. Re1 Bb7 12. a3 Rc8 {D94: Grünfeld: 4 Nf3 Bg7 5 e3} 13. Qd3 $146 ({Predecessor:} 13. Ba2 e6 14. Bg5 Ne7 15. Qd3 h6 16. Bf4 Nfd5 17. Bh2 Nf5 18. Ne4 Nf6 19. Nxf6+ Bxf6 20. Rad1 {0-1 (63) Ahlander,B (2380)-Rasmussen,A (2532) Pattaya 2015}) 13... e6 14. Bg5 h6 {Black is slightly better.} 15. Be3 Qd6 16. Ba6 Qb8 17. Rac1 Rfd8 18. Qe2 Ne7 19. Ne5 Nf5 20. Red1 Qa8 21. Bxb7 Qxb7 22. Qf3 Qxf3 23. Nxf3 g5 24. g4 Nd6 (24... Ne7 {seems wilder.} 25. Kf1 a6 26. Ne5 Nd7 27. Nd3 Nf8) 25. Ne5 Nd5 26. Nxd5 exd5 27. Nc6 {[#] Strongly threatening Ne7+.} Rd7 $1 28. Nb4 Rxc1 29. Rxc1 Nb5 30. Rc8+ Kh7 31. Nc6 Nd6 32. Ra8 f5 33. Ne5 Re7 $1 34. Rd8 Re6 (34... Bxe5 {keeps more tension.} 35. dxe5 Nf7 36. Rxd5 fxg4 37. e6 Rxe6 38. hxg4 Ne5) 35. gxf5 (35. Rd7 {is more complex.} Kg8 36. gxf5 Nxf5 37. Rxd5 Bxe5 38. dxe5 Kf7 39. Bd2) 35... Nxf5 {The position is equal.} 36. Rxd5 Bxe5 37. dxe5 Nxe3 38. fxe3 $11 {[%mdl 4096] Endgame KR-KR} Kg6 39. e4 Kf7 40. b4 Rc6 41. Rd6 Rc3 42. Rxh6 Rxa3 43. Kf2 Rb3 44. Rf6+ Ke7 45. Rg6 Rxh3 46. Rg7+ Ke6 47. Rxa7 Rb3 48. Rg7 Rxb4 49. Rxg5 Rxe4 50. Rg6+ Kxe5 51. Rxb6 {Accuracy: White = 59%, Black = 67%.} 1/2-1/2

[Event "ISR-chT 2019"]
[Site "Israel"]
[Date "2019.02.15"]
[Round "5.18"]
[White "Kaspi, Alexander"]
[Black "Rozentalis, Eduardas"]
[Result "1/2-1/2"]
[WhiteElo "2467"]
[BlackElo "2526"]
[Annotator "TA"]
[PlyCount "88"]
[EventDate "2019.01.04"]
[EventType "team-tourn"]
[EventCountry "ISR"]
[SourceTitle "playchess.com"]
[Source "ChessBase"]
[SourceQuality "1"]

{[%evp 17,88,6,14,9,6,28,117,97,89,116,126,136,166,171,165,105,120,125,118,122,151,137,136,121,137,79,122,125,119,97,104,93,119,112,147,100,214,212,318,205,210,203,201,52,129,100,241,179,204,112,106,106,107,98,114,0,0,0,0,-250,-233,-227,0,0,0,0,0,0,0,0,0,0,0]} 1. d4 Nf6 2. c4 e6 3. Nc3 Bb4 4. e3 b6 5. Bd3 Bb7 6. Nge2 Bxg2 7. Rg1 Be4 8. a3 Bxc3+ 9. Nxc3 Bg6 10. e4 {E43: Nimzo-Indian: Rubinstein: 4...b6} Nc6 (10... d5 11. Bg5 dxc4 12. Bxc4 Qd7 13. Bxf6 gxf6 14. h4 h5 15. d5 exd5 16. Nxd5 Qd6 17. Qa4+ Kf8 {½-½ (29) Rakhmanov,A (2591)-Efimenko,Z (2657) Moscow 2010}) 11. Bg5 $146 ({Predecessor:} 11. e5 Nh5 12. Bg5 f6 13. exf6 gxf6 14. Be3 Ne7 15. Be2 Ng7 16. Bf3 d5 17. Qe2 c6 {0-1 (38) Karayiannis,C (2168)-Crouch,C (2357) Southend 2006}) 11... d6 ({Much worse is} 11... Nxd4 $6 12. e5 $16) (11... h6 $11 {remains equal.} 12. Bh4 d6) 12. Bc2 $1 $16 {[%cal Rc2a4] Threatens to win with Ba4.White is better.} Kf8 13. Ba4 Ne7 14. Qf3 $1 h6 15. Bxf6 gxf6 16. Qxf6 (16. h4 $18) 16... Rh7 17. Qf3 c6 18. O-O-O b5 19. cxb5 cxb5 20. Bxb5 Rc8 21. Be2 (21. d5 $142) 21... Qa5 22. Qe3 Rg7 23. Rg3 d5 {White should prevent ...dxe4.} 24. f3 $1 ({Of course not} 24. Qxh6 $6 dxe4 25. Qh8+ Ng8 $11) 24... Kg8 25. Rd2 Kh7 26. Bd1 e5 (26... f5 $16 {was worth a try.}) 27. dxe5 $18 h5 (27... dxe4 {was necessary.} 28. fxe4 Qxe5) 28. Rh3 dxe4 29. Bc2 Qxe5 30. Nxe4 ({Better is} 30. fxe4 $18 {Rg3 is the strong threat.} Qe6 31. Rg3) 30... Kg8 (30... Kh8 $1 $14) 31. Kb1 Kf8 (31... Qe6 $16) 32. f4 Qb5 33. Nc3 ({White should try} 33. Qd4 $18 {Black must now prevent Rb3.} Qb6 34. Nc5 {[%mdl 64] Back Rank}) 33... Qf1+ $16 34. Ka2 Bxc2 35. Rxc2 {And now Nd5! would win.} Rg1 36. Rxh5 ({White should play} 36. Qd3 $1 $16) 36... Qc4+ $1 $11 37. b3 Qf1 {[%csl Gg1][%cal Rf1a1]} 38. Rh8+ $2 (38. b4 $1 $11 {and White is okay.} Rxc3 39. Rh8+ Ng8 40. Rxg8+ $1 {[%mdl 512]} Kxg8 41. Qe8+ Kg7 42. Qe5+ f6 43. Qe7+ Kg6 44. Qe4+ f5 45. Qe8+ Kh6 46. Qh8+ Kg6 47. Qe8+ Kh6 48. Qh8+ Kg6 49. Qe8+) 38... Ng8 $19 {[%csl Gg1][%cal Rf1a1]} 39. b4 {[#] aiming for Kb3.} Rxc3 $1 {[%mdl 512] [#]} 40. Rxg8+ $1 $11 {[%mdl 512] The position is equal.} (40. Rxc3 Qb1#) 40... Kxg8 {[%csl Gg1][%cal Rf1b1]} 41. Qe8+ Kg7 $1 {[%csl Gg1][%cal Rf1b1]} 42. Qe5+ Kg8 {[%csl Gg1][%cal Rf1b1]} (42... Kg6 $5 43. Qe4+ $8 f5 44. Qe8+ Kh6 45. Qh8+ Kg6 46. Qe8+ Kg7 47. Qe5+ Kg8 48. Qe8+ Kg7 49. Qe5+ Kg8 50. Qe8+ Kg7 $11) 43. Qe8+ Kg7 $1 {[%csl Gg1][%cal Rf1b1]} 44. Qe5+ Kg8 {Accuracy: White = 63%, Black = 36%.} (44... Kg6 $5 45. Qe4+ $8 f5 46. Qe8+ Kg7 47. Qe5+ Kg8 48. Qe8+ Kg7 49. Qe5+ Kg8 50. Qe8+ Kg7 $11) 1/2-1/2

[Event "ISR-chT 2019"]
[Site "Israel"]
[Date "2019.02.15"]
[Round "5.20"]
[White "Erenberg, Ariel"]
[Black "Gorodetzky, David"]
[Result "0-1"]
[WhiteElo "2396"]
[BlackElo "2447"]
[Annotator "NA"]
[PlyCount "64"]
[EventDate "2019.01.04"]
[EventType "team-tourn"]
[EventCountry "ISR"]
[SourceTitle "playchess.com"]
[Source "ChessBase"]
[SourceQuality "1"]
[TimeControl "40/5400+30:1800+30"]

1. c4 {[%emt 0:00:14]} e6 {[%emt 0:02:11]} 2. Nc3 {[%emt 0:00:12]} Bb4 {[%emt 0:07:48]} 3. Qb3 {[%emt 0:00:09]} a5 {[%emt 0:09:03]} 4. a3 {[%emt 0:01:21]} Bxc3 {[%emt 0:02:03]} 5. Qxc3 {[%emt 0:00:02]} Nf6 {[%emt 0:00:10]} 6. b3 {[%emt 0:02:28]} O-O {[%emt 0:05:21]} 7. Bb2 {[%emt 0:01:02]} d6 {[%emt 0:01:40]} 8. d4 {[%emt 0:04:31]} a4 {[%emt 0:03:59]} 9. b4 {[%emt 0:02:18]} b5 {[%emt 0:00:19]} 10. cxb5 {[%emt 0:29:22]} Bb7 {[%emt 0:07:52]} 11. Nf3 {[%emt 0:00:38]} Nbd7 {[%emt 0:02:51]} 12. e3 {[%emt 0:02:04]} Nb6 {[%emt 0:09:21]} 13. Bd3 {[%emt 0:01:13]} Ne4 {[%emt 0:04:22]} 14. Qc2 {[%emt 0:06:10]} f5 {[%emt 0:00:07]} 15. O-O {[%emt 0:02:53]} Rf6 {[%emt 0:10:02]} 16. Nd2 {[%emt 0:05:33]} Rh6 {[%emt 0:06:20]} 17. f3 {[%emt 0:13:03]} Qh4 {[%emt 0:11:33]} 18. fxe4 {[%emt 0:06:48]} Qxh2+ {[%emt 0:13:58]} 19. Kf2 Rg6 {[%emt 0:00:00]} 20. Rg1 {[%emt 0:03:49]} Rf8 {[%emt 0:00:00]} 21. Ke2 {[%emt 0:13:04]} Rxg2+ {[%emt 0:00:00]} 22. Rxg2 {[%emt 0:00:01]} Qxg2+ {[%emt 0:00:00]} 23. Kd1 {[%emt 0:00:55]} fxe4 {[%emt 0:00:00]} 24. Bf1 {[%emt 0:03:06]} Rxf1+ {[%emt 0:00:00]} 25. Nxf1 {[%emt 0:00:01]} Qxf1+ {[%emt 0:00:00]} 26. Kd2 {[%emt 0:00:01]} Qf2+ {[%emt 0:00:00]} 27. Kd1 {[%emt 0:00:03]} Qxe3 {[%emt 0:00:00]} 28. Qxc7 {[%emt 0:00:29]} Bd5 {[%emt 0:00:00]} 29. Rc1 {[%emt 0:01:22]} Bb3+ {[%emt 0:00:00]} 30. Rc2 {[%emt 0:00:06]} Qd3+ {[%emt 0:00:04]} 31. Kc1 {[%emt 0:00:15]} Qf1+ {[%emt 0:00:08]} 32. Kd2 {[%emt 0:00:05]} e3+ {[%emt 0:00:04]} 0-1

[Event "ISR-chT 2019"]
[Site "Israel"]
[Date "2019.02.15"]
[Round "5.21"]
[White "Veinberg, Nimrod"]
[Black "Finkel, Alexander"]
[Result "1/2-1/2"]
[WhiteElo "2399"]
[BlackElo "2453"]
[Annotator "TA"]
[PlyCount "158"]
[EventDate "2019.01.04"]
[EventType "team-tourn"]
[EventCountry "ISR"]
[SourceTitle "playchess.com"]
[Source "ChessBase"]
[SourceQuality "1"]

{[%evp 9,158,33,31,24,29,37,37,33,72,60,64,48,139,139,142,93,79,84,132,138,120,129,170,170,162,169,195,181,187,170,176,199,189,183,180,73,280,266,261,142,134,147,142,131,137,135,129,13,101,92,54,0,0,-115,-115,-115,-115,-115,-115,-115,-115,-115,-115,-115,-115,-115,-115,-115,-115,-152,-152,-152,-152,-145,-96,-96,-96,-96,-96,-96,-96,-96,-96,-96,-96,-96,-96,-109,-109,-109,-109,-109,-109,-109,-96,-96,-96,-96,-96,-96,-96,-96,-96,-96,-96,-96,-96,-96,-96,-96,-96,-96,-96,-96,-96,-96,-96,-96,-96,-96,-96,-96,-96,-96,-96,-96,-96,-96,-96,-96,-96,-96,-96,-96,-96,-96,-96,-96,-96,-96,-96,-96,-96,-96,0,-96,-96,-96,-96,-97,0]} 1. d4 d6 2. c4 e5 3. d5 f5 4. e4 fxe4 5. Nc3 Nf6 6. Nge2 {[%mdl 1024] White has compensation. A41: 1 d4 d6: Tartakower System and Modern Defence} Bf5 7. Ng3 Bg6 8. Bg5 {White is slightly better.} Qd7 9. Be2 $146 ({Predecessor:} 9. h4 h6 10. Bxf6 gxf6 11. h5 Bh7 12. Ngxe4 Be7 13. g4 {½-½ (81) Balje,J (2175)-Reinderman,D (2598) Utrecht 2012}) 9... Na6 10. h4 Nc5 (10... h5 $14) 11. O-O {b4 is the strong threat.} Be7 12. Bxf6 gxf6 ({Not} 12... Bxf6 $2 13. b4 $16) 13. h5 Bf5 14. b4 $1 {[%cal Rb4c5]} Nd3 15. Nxf5 ({Weaker is} 15. Ngxe4 Nf4 $15) 15... Qxf5 16. Bg4 Qf4 17. g3 Qh6 18. Nxe4 Nf4 19. gxf4 Rg8 20. f5 Qxh5 21. f3 {And now Rf2 would win.} Qxf5 {Hoping for ...Qf4.} 22. Kh1 (22. Qc2 $1 $18 {Strongly threatening Nxd6+!} Qg6 23. Kh2) 22... Qf4 $2 (22... Rxg4 $16 {was necessary.} 23. fxg4 Qxe4+ {[%mdl 64] Double Attack} 24. Qf3 Qg6) 23. Qc2 Kf8 24. Bh3 (24. Nc3 $1 $18) 24... f5 $16 25. Rae1 {[%cal Ba1e1,Be1e2,Be2h2][%mdl 32]} Rg6 26. Re2 $1 Kg7 {[#]} 27. Nc3 $1 Rf8 28. Nd1 (28. Qd3 $16) 28... Rff6 {[#]} (28... Kh8 $11) 29. Rh2 $1 ({Don't go for} 29. Ne3 $2 Rh6 $19) 29... Rg3 30. Qf2 (30. Nb2 $14) 30... Rh6 $1 $40 {[%cal Rh6h3][%mdl 128] Black mounts an attack.} 31. Qxg3+ (31. Rg1 $1 $11 Rxg1+ 32. Kxg1) 31... Qxg3 $17 32. Rg1 f4 {White must now prevent ...Bg5!} 33. Rxg3+ fxg3 34. Ne3 {Threatens to win with Nf5+.} Rh5 35. Nf5+ Rxf5 $1 36. Bxf5 gxh2 37. Kxh2 {[%mdl 4096] Endgame KB-KB} h5 38. Kg3 Bg5 39. c5 Bd2 40. cxd6 cxd6 41. b5 Be1+ 42. Kg2 Kf6 43. b6 axb6 44. Bc8 b5 {[%cal Bb6b5,Bb5b4][%mdl 32]} 45. Bxb7 b4 46. Bc8 Kg5 47. Bd7 Kf4 48. Bc8 Ke3 49. Bd7 Kd3 50. Bb5+ Kd4 51. Bc6 h4 52. Bb7 Kd3 53. Bc6 Bd2 54. Bb5+ Kd4 55. Bc6 Bf4 56. Bb7 Kd3 57. Bc6 Kd2 58. Bb5 Kc3 59. Ba4 Bg5 60. Bb5 Bd8 61. Ba4 Be7 62. Bb5 Kc2 63. Ba4+ Kb2 64. Bb3 Bd8 65. Bc4 Kc2 66. Bb5 Bf6 67. Ba4+ Kc3 68. Bb5 Kd4 69. Bc6 Kc4 70. Bb7 Kc5 71. Bc6 Kd4 72. Bb7 Ke3 73. Bc8 Kd3 74. Ba6+ Kc2 75. Bb5 Kc3 76. Ba4 Be7 77. Bb5 $1 Kb2 {Black is better.} 78. Bc4 Bf6 79. Bb3 Kc3 {Accuracy: White = 78%, Black = 79%.} (79... Kc1 $17 80. Bc4 Kd2) 1/2-1/2

[Event "ISR-chT 2019"]
[Site "Israel"]
[Date "2019.02.15"]
[Round "5.22"]
[White "Aharon, Ofir"]
[Black "Galburd, Yan"]
[Result "0-1"]
[WhiteElo "2310"]
[BlackElo "2397"]
[Annotator "NA"]
[PlyCount "73"]
[EventDate "2019.01.04"]
[EventType "team-tourn"]
[EventCountry "ISR"]
[SourceTitle "playchess.com"]
[Source "ChessBase"]
[SourceQuality "1"]
[TimeControl "40/5400+30:1800+30"]

1. e4 {[%emt 0:02:32]} e6 {[%emt 0:00:08]} 2. d4 {[%emt 0:00:28]} d5 {[%emt 0:00:06]} 3. Nd2 {[%emt 0:00:05]} c5 {[%emt 0:00:35]} 4. exd5 {[%emt 0:00:21]} Qxd5 {[%emt 0:00:44]} 5. dxc5 {[%emt 0:00:08]} Nf6 {[%emt 0:01:30]} 6. Ngf3 {[%emt 0:00:07]} Qxc5 {[%emt 0:00:37]} 7. Bd3 {[%emt 0:02:16]} Nbd7 {[%emt 0:01:38]} 8. O-O {[%emt 0:00:25]} Qc7 {[%emt 0:01:56]} 9. a4 {[%emt 0:00:57]} Be7 {[%emt 0:02:39]} 10. Nb3 {[%emt 0:00:14]} Nd5 {[%emt 0:05:22]} 11. c3 {[%emt 0:07:04]} O-O {[%emt 0:08:35]} 12. Re1 {[%emt 0:01:36]} N7f6 {[%emt 0:06:44]} 13. Nbd4 {[%emt 0:10:29]} Rd8 {[%emt 0:04:34]} 14. Ne5 {[%emt 0:02:21]} a6 {[%emt 0:06:47]} 15. Qe2 {[%emt 0:04:00]} Bd6 {[%emt 0:02:03]} 16. Ndf3 {[%emt 0:08:13]} h6 {[%emt 0:03:37]} 17. a5 {[%emt 0:06:01]} Bd7 {[%emt 0:01:09]} 18. Bb1 {[%emt 0:00:50]} Rac8 {[%emt 0:03:37]} 19. Bd2 {[%emt 0:08:58]} Bb5 {[%emt 0:02:07]} 20. Qd1 {[%emt 0:00:20]} Nd7 {[%emt 0:08:26]} 21. Nxd7 {[%emt 0:04:55]} Rxd7 {[%emt 0:00:35]} 22. Qc2 {[%emt 0:05:49]} Nf6 {[%emt 0:01:59]} 23. Be3 {[%emt 0:01:46]} Bc5 {[%emt 0:04:25]} 24. Bxc5 {[%emt 0:14:35]} Qxc5 {[%emt 0:00:06]} 25. Ba2 {[%emt 0:00:22]} Rcd8 {[%emt 0:12:22]} 26. Bb3 {[%emt 0:04:36]} Bd3 {[%emt 0:01:25]} 27. Qd2 {[%emt 0:05:19]} Bc4 {[%emt 0:01:22]} 28. Qc2 {[%emt 0:00:17]} Bd3 {[%emt 0:00:02]} 29. Qd2 {[%emt 0:00:26]} Be4 {[%emt 0:05:04]} 30. Qf4 {[%emt 0:03:27]} Bxf3 {[%emt 0:00:33]} 31. Qxf3 {[%emt 0:00:08]} Rd2 {[%emt 0:00:13]} 32. Red1 {[%emt 0:04:30]} Qb5 {[%emt 0:03:26]} 33. c4 {[%emt 0:01:59]} Qe5 {[%emt 0:02:51]} 34. Rxd2 {[%emt 0:00:38]} Rxd2 {[%emt 0:00:02]} 35. Qxb7 {[%emt 0:00:43]} Ng4 {[%emt 0:01:43]} 36. g3 {[%emt 0:00:01]} Rxf2 {[%emt 0:00:59]} 37. Bd1 {[%emt 0:01:02]} 0-1

[Event "ISR-chT 2019"]
[Site "Israel"]
[Date "2019.02.15"]
[Round "5.23"]
[White "Parkhov, Yair"]
[Black "Shachar, Ehud"]
[Result "1/2-1/2"]
[WhiteElo "2336"]
[BlackElo "2391"]
[Annotator "NA"]
[PlyCount "56"]
[EventDate "2019.01.04"]
[EventType "team-tourn"]
[EventCountry "ISR"]
[SourceTitle "playchess.com"]
[Source "ChessBase"]
[SourceQuality "1"]
[TimeControl "40/5400+30:1800+30"]

1. d4 {[%emt 0:00:00]} e6 {[%emt 0:00:00]} 2. Nf3 {[%emt 0:00:00]} f5 {[%emt 0:00:01]} 3. g3 {[%emt 0:00:00]} Nf6 {[%emt 0:00:05]} 4. Bg2 {[%emt 0:00:01]} d5 {[%emt 0:01:24]} 5. O-O {[%emt 0:01:42]} Bd6 {[%emt 0:00:12]} 6. c4 {[%emt 0:00:28]} c6 {[%emt 0:00:07]} 7. Ne5 {[%emt 0:00:22]} O-O {[%emt 0:02:50]} 8. Bf4 {[%emt 0:00:21]} Nh5 {[%emt 0:05:53]} 9. e3 {[%emt 0:03:00]} Nxf4 {[%emt 0:02:33]} 10. exf4 {[%emt 0:00:15]} Nd7 {[%emt 0:00:18]} 11. Nxd7 {[%emt 0:08:30]} Bxd7 {[%emt 0:00:40]} 12. Nd2 {[%emt 0:02:23]} b6 {[%emt 0:25:59]} 13. Qe2 {[%emt 0:07:51]} Rc8 {[%emt 0:02:48]} 14. Rac1 {[%emt 0:03:21]} Rc7 {[%emt 0:08:40]} 15. Rfd1 {[%emt 0:30:02]} Qf6 {[%emt 0:03:53]} 16. a3 {[%emt 0:03:16]} a5 {[%emt 0:01:35]} 17. Nb3 {[%emt 0:05:50]} a4 {[%emt 0:13:00]} 18. c5 {[%emt 0:01:09]} bxc5 {[%emt 0:01:57]} 19. Nxc5 {[%emt 0:00:39]} Bxc5 {[%emt 0:00:45]} 20. Rxc5 {[%emt 0:00:26]} Ra7 {[%emt 0:00:42]} 21. Rd2 {[%emt 0:04:02]} h6 {[%emt 0:01:00]} 22. Bf3 {[%emt 0:03:07]} g5 {[%emt 0:02:40]} 23. Qe5 {[%emt 0:00:25]} Qxe5 {[%emt 0:03:12]} 24. fxe5 {[%emt 0:00:53]} Rb8 {[%emt 0:00:53]} 25. Bd1 {[%emt 0:24:27]} Kf7 {[%emt 0:21:23]} 26. Kf1 {[%emt 0:00:00]} Ke7 {[%emt 0:00:30]} 27. Ke2 {[%emt 0:01:00]} Kd8 {[%emt 0:00:30]} 28. Kd3 {[%emt 0:00:00]} Kc7 {[%emt 0:00:30]} 1/2-1/2